000 00571nam a22002297a 4500
003 UA-OsUOA
001 69812
007 ta
008 20100706b un ||||| |||| 00| 0 ukr d
100 _aАдамо Г.
090 _a329(091)(430)
_bА28
942 _cBK
040 _aUA-OsUOA
_brus
_cUA-OsUOA
_dUA-OsUOA
245 _aХДС/ХСС Сущность и политика
300 _a366 с.
955 _a2
041 _arus
080 _a329(091)(430)
260 _aМ.
_bПолитиздат
_c1979
650 7 _a32 Політика
_2UDC
999 _c356065
_d356065